[Event "RA-2015-0-00403"]
[Site "LSS email"]
[Date "2015.07.21"]
[Round "?"]
[White "Spirin, Anatoly"]
[Black "Permykov, Andrey"]
[Result "1/2-1/2"]
[WhiteElo "2151"]
[BlackElo "2216"]
[PlyCount "115"]
[EventDate "2015.07.11"]
[EventType "tourn (corr)"]
[EventRounds "6"]
[EventCountry "GER"]
[SourceTitle "Corr 2022"]
[Source "ChessBase"]
[SourceDate "2021.10.24"]
[SourceVersion "1"]
[SourceVersionDate "2021.10.24"]
[SourceQuality "1"]

1. e4 c5 2. Nf3 d6 3. d4 cxd4 4. Nxd4 Nf6 5. Nc3 a6 6. h3 e6 7. g4 b5 8. Bg2 Bb7 9. 0-0 Nfd7 10. a4 bxa4 11. Rxa4 Be7 12. Rb4 Ra7 13. Be3 Nc5 14. Qa1 0-0 15. Rd1 Qc8 16. Bf4 Ba8 17. Rc4 Rc7 18. Ndb5 axb5 19. Nxb5 Rc6 20. Na7 Qb7 21. Nxc6 Nxc6 22. Bxd6 Bxd6 23. Rxd6 Qb5 24. Rc3 Ne5 25. Rd4 Nc6 26. Rdc4 Nd7 27. Qa3 Rd8 28. Bf1 Qb6 29. Ra4 Bb7 30. Ba6 Qc7 31. Rd4 Qb8 32. Rd2 Ba8 33. Rcd3 Nce5 34. Rb3 Qc7 35. Qd6 Qxd6 36. Rxd6 g5 37. f3 Kf8 38. Be2 Bc6 39. Rc3 Rc8 40. Bb5 Ke7 41. Rdxc6 Nxc6 42. Rxc6 Rb8 43. Ba4 Ne5 44. Rc5 Kd6 45. Rb5 Ra8 46. b3 Nxf3+ 47. Kf2 Ne5 48. c3 h5 49. gxh5 Rh8 50. c4 Rxh5 51. c5+ Kc6 52. Ra5+ Kc7 53. c6 f6 54. Ra7+ Kd6 55. b4 Rxh3 56. b5 Rh8 57. Kg2 Rc8 58. b6 1/2-1/2